1041 1715 1551 1813 1580 1240 1946 1910 1987 1309 1505 1851 1105 1206 1654 1566 1511 1747 1539 1578 1129 1631 1908 1526 1442 1637 1193 1677 1728 1255 1921 1078 1102 1495 1384 1761 1890 1590 1932 1691 1952 1320 1816 1445 1882 1925 1522 1234 1828 1266 1802 1727 1418 1489 1433 1722 1507 1530 1039 1866 1675 1723 1794 1822 1687 1835 1113 1180 1878 1880 1848 1695 1645 1678 1200 1606 1333 1072 1286 1749 1982 1461 1143 1626 1309 1332 1108 1513 1252 1437 1734 1327 1371 1194 1294 1630 1526 1370 1732 BCNSPRNW ULIB Ver.6.0+V

เปลี่ยนเป็นภาษาไทย

Change to English
 แสดงรายละเอียดบรรณานุกรม
  กลับหน้าหลัก

Brief Record : Get Marc (ISO 2709) : E-mail record : QR code < ปิดหน้าต่าง
LEADER : 00000nam 2200000uu 4500
001    13399112596
003     ULIB
008    110826s2551||||th 000 0 tha d
020    9789740626671
050  4 HQ772^bS111ส 2551
110 2  ซัมซุงพับลิชิง คอมพานี
245 10 สมองซีกขวาพัฒนาได้ไร้ขีดจำกัด สำหรับ 5-6 ปี /^cซัมซุงพับลิชิง คอมพานี
250    พิมพ์ครั้งที่ 1
260    กรุงเทพฯ :^bนานมีบุ๊คส์พับลิเคชั่นส์ ,^c2551
300    96 หน้า :^bภาพประกอบ
945    ^p195^l0^i024692
945    ^p195^l0^i024693
995    ทศพร
999 ^a ทศพร
รายการนี้ยังไม่มีแท็ก
คุณยังไม่ได้ล็อกอิน คุณสามารถมีกิจกรรมร่วมกับเว็บไซต์ได้ แต่ต้องล็อกอินก่อน ::
  ล็อกอิน

รายการสื่อสารสนเทศ

ลำดับที่ ประเภท เลขเรียก/บาร์โค้ด สถานที่ สถานะ
- ไม่พบข้อมูล -

BibComment


ยังไม่เคยถูกคอมเมนท์

คอมเมนท์ทรัพยากรรายการนี้
  คอมเมนท์: สมองซีกขวาพัฒนาได..


 Copyright 2026. Bcnsprnw @Library